The curse of the bologna sandwich / (Record no. 823)

MARC details
000 -LEADER
fixed length control field 01269nam a22003377a 4500
005 - DATE AND TIME OF LATEST TRANSACTION
control field 20230710160306.0
020 ## - INTERNATIONAL STANDARD BOOK NUMBER
International Standard Book Number 9780805079289 (hardcover : alk. paper)
020 ## - INTERNATIONAL STANDARD BOOK NUMBER
International Standard Book Number 0805079289 (hardcover : alk. paper)
020 ## - INTERNATIONAL STANDARD BOOK NUMBER
International Standard Book Number 9780805078367 (paperback : alk. paper)
020 ## - INTERNATIONAL STANDARD BOOK NUMBER
International Standard Book Number 0805078363 (paperback : alk. paper)
040 ## - CATALOGING SOURCE
Original cataloging agency DLC
Transcribing agency DLC
Modifying agency DLC
Language of cataloging eng
050 00 - LIBRARY OF CONGRESS CALL NUMBER
Classification number PZ7.T7356
Item number Cu 2006
082 00 - DEWEY DECIMAL CLASSIFICATION NUMBER
Classification number 105
Edition number 22
100 1# - MAIN ENTRY--PERSONAL NAME
Personal name Trine, Greg.
245 14 - TITLE STATEMENT
Title The curse of the bologna sandwich /
Statement of responsibility, etc. Greg Trine ; illustrated by Rhode Montijo.
250 ## - EDITION STATEMENT
Edition statement 1st hardcover and pbk. eds.
260 ## - PUBLICATION, DISTRIBUTION, ETC.
Place of publication, distribution, etc. New York :
Name of publisher, distributor, etc. Square Fish,
Date of publication, distribution, etc. 2006.
300 ## - PHYSICAL DESCRIPTION
Extent 138 pages :
Other physical details illustrations,
Dimensions 19 cm.
490 1# - SERIES STATEMENT
Series statement Melvin Beederman, superhero
505 ## - FORMATTED CONTENTS NOTE
Formatted contents note N<br/>
520 ## - SUMMARY, ETC.
Summary, etc. After graduating from the superhero academy, Melvin Beederman heads for Los Angeles, where he unexpectedly teams up with Candace Brinkwater, school play actress, to nab the evil McNasty Brothers.
521 ## - TARGET AUDIENCE NOTE
Target audience note 550 <br/>
Source Lexile <br/>
521 ## - TARGET AUDIENCE NOTE
Target audience note N <br/>
Source Raz-Plus <br/>
650 #1 - SUBJECT ADDED ENTRY--TOPICAL TERM
Topical term or geographic name entry element Heroes
Form subdivision Fiction.
650 #1 - SUBJECT ADDED ENTRY--TOPICAL TERM
Topical term or geographic name entry element Humorous stories.
700 1# - ADDED ENTRY--PERSONAL NAME
Personal name Montijo, Rhode,
Relator term illustrator.
906 ## - LOCAL DATA ELEMENT F, LDF (RLIN)
a 7
b cbc
c orignew
d 1
e ecip
f 20
g y-gencatlg
942 ## - ADDED ENTRY ELEMENTS (KOHA)
Source of classification or shelving scheme Dewey Decimal Classification
Koha item type Books
Suppress in OPAC No
999 ## -
-- 823
-- 823
Holdings
Withdrawn status Lost status Source of classification or shelving scheme Damaged status Not for loan Collection Home library Current library Shelving location Date acquired Total Checkouts Full call number Barcode Date last seen Date last checked out Price effective from Koha item type
    Dewey Decimal Classification     Juvenile Fiction Footprints International School Library Network Toul Kork Campus Footprints International School Library Network Toul Kork Campus TK Primary Library Room(4th Floor), Bookcase 3&4, Shelves 17-32, Yellow Books 07/10/2023 1 TRI 105 PZ7.T7356 FISTK00523 10/05/2023 09/28/2023 07/10/2023 Books